Statistics for Foods that Start with K Quiz

Click here to take the quiz!

General Stats

  • This quiz has been taken 30,595 times
    (30,479 since last reset)
  • The average score is 9 of 18

Answer Stats

Clue Food % Correct
Dark red beanKidney Bean
90%
Fuzzy fruit with a bright green interiorKiwi
88%
Tomato condimentKetchup
79%
Leafy vegetable often called a "superfood"Kale
76%
Persian dish of skewered meatKebab
73%
Sugary drink used by a mass-suicide cultKool-aid
54%
Type of seaweedKelp or Kombu
53%
Popular brand of coffee liqueurKahlua
52%
Small, tart limeKey Lime
51%
Korean dish of fermented
napa cabbage and other veggies
Kimchi
50%
Sweet carnival popcornKettle Corn
47%
Small orange fruitKumquat
45%
Large black oliveKalamata Olive
41%
Smoked herring, often eaten for breakfastKipper
40%
"Deadliest Catch" seafoodKing Crab
33%
Vodka, triple sec, and lime juice cocktailKamikaze
13%
Breaded and deep-fried meat cutlet of JapanKatsu
13%
Polynesian drink with sedative propertiesKava
10%

Score Distribution

Percentile by Number Answered

Percent of People with Each Score

Your Score History

You have not taken this quiz since the last reset